000
00310nam a2200121Ia 4500
008
150202s9999 xx 000 0 und d
050
_a
FIC
_b
FIC
100
_a
Leader, Mary.
245
_a
Triad /
_c
Mary Leader.
260
_a
USA :
_b
Bantam Books,
_c
1973.
300
_a
213 pages :
_c
18 cm.
650
_a
Fiction.
999
_c
282176
_d
282176